000 00247nam a22001097a 4500
008 180802b xxu||||| |||| 00| 0 eng d
082 _a813.52
245 _aTom Morrison
_cBellinelli,M
260 _c1992
300 _a1
_fCassette
942 _2ddc
_cMX
999 _c46736
_d46736